000 00541nam a22001937a 4500
003 OSt
005 20170806120313.0
008 170806b xxu||||| |||| 00| 0 eng d
020 _a9781907624933
040 _aLDCLIB
_cLDCLIB
082 _222
_a349.42
_bLEG
245 _aLegal Foundations 2011/12 /
_cBamford,Keir…[et al].
260 _aGuildford :
_bCollege of law publishing,
_c2011.
300 _axxx, 435 p. ;
_c29 cm.
500 _aIncludes Index
650 _aLegal Foundations 2011
700 _aBamford, Keir.
942 _2ddc
_cBK
999 _c8522
_d8522